E78(東九州道)のIC - Statistics

General Stats
  • This quiz has been taken 25 times
  • The average score is 11 of 17
Answer Stats
東九州道 % Correct
IC 志布志
81%
JCT 清武
75%
IC 隼人東
75%
IC 隼人西
75%
IC 加治木
75%
JCT 加治木
75%
IC 清武南
69%
IC 末吉財部
69%
PA 国分
69%
IC 国分
69%
IC 曽於弥五郎
63%
IC 日南北郷
56%
IC 志布志有明
56%
IC 大崎
56%
JCT 鹿屋串良
56%
IC 野方
56%
IC 日南東郷
50%
No matching quizzes found
Score Distribution
Percent of People with Each Score
Percentile by Number Answered
Your Score History
You have not taken this quiz